História duševného vlastníctva

Analýza problematiky duševného vlastníctva. Klasifikácia významných právnych medzníkov v smere k medzinárodnej inštitucionalizácii právnej ochrany duševného vlastníctva. Zriadenie Svetovej organizácie duševného vlastníctva.

Enregistré dans:
Détails bibliographiques
Auteur principal: Matušovič, Martin
Format: Chapitre de livre
Langue:slovaque
Sujets:
Tags: Ajouter un tag
Pas de tags, Soyez le premier à ajouter un tag!

MARC

LEADER 00000naa$a2200000$$$4500
001 0063739
005 20240502071735.1
041 0 |a slo 
044 |a SK 
245 1 0 |a História duševného vlastníctva  |c Martin Matušovič 
520 |a Analýza problematiky duševného vlastníctva. Klasifikácia významných právnych medzníkov v smere k medzinárodnej inštitucionalizácii právnej ochrany duševného vlastníctva. Zriadenie Svetovej organizácie duševného vlastníctva. 
610 2 0 |a globalizácia 
610 2 0 |a vlastníctvo duševné 
610 2 0 |a právo 
610 2 0 |a história 
100 1 |a Matušovič, Martin